000
00327nam a2200133Ia 4500
008
240624s9999 xx 000 0 und d
041
_a
eng
082
_a
332.60973 JON
100
_a
JONES
245
_a
INVESTMENTS ANALYSIS AND MANAGEMENT
250
_a
(9th ed.)
260
_c
2008
_a
New Delhi
_b
Wiley India
365
_c
RS
_b
33.33
999
_c
9196
_d
9196